| 000 | 00960nam a22001817a 4500 | ||
|---|---|---|---|
| 999 |
_c12394 _d12394 |
||
| 003 | AR-CdUCM | ||
| 008 | 190408b ||||| |||| 00| 0 spa d | ||
| 040 |
_aMUNICIPALIDAD PROVINCIAL DEL CUSCO _cBIBLIOTECA MUNICIPAL DEL CUSCO |
||
| 082 |
_a347.946 / _bOR63 / 1819 |
||
| 245 | _aOrdenanzas de la ilustre universidad y casa de contratación de la M.N. y M.L. villa de Bilbao, aprobadas y confirmadas por las magestades de los D. Felipe V. en 2 de diciembre de 1737 y D. Fernando VII. en 27 de junio de 1814 / | ||
| 260 |
_aMadrid : _bImprenta de Miguel Burgos, _c1819. |
||
| 300 |
_a395 paginas ; _c30 cm. |
||
| 505 | _aContenido : Don Bartolome Muñoz de Torres --De contratas de comercio que se hicieron entre mercaderes y sus calidades -- De los corredores de mercaderías, cambios, seguros y fletamentos, su numero y lo que deberían ejecutar ... | ||
| 650 |
_aEuropa _91221 |
||
| 650 |
_aReyes _930226 |
||
| 942 |
_2ddc _cLIBROS |
||
| 945 |
_awnts _d2019-04-08 |
||